Isyarat-isyarat jalanraya
| Main Author: | |
|---|---|
| Format: | Book |
| Published: |
Kuala Lumpur :
Pustaka prinsip Sdn. Bhd ,
2007
|
| Series: | siri panduan keselamatan jalanraya
|
| Subjects: |
MARC
| LEADER | 00000cam a2200000 7i4500 | ||
|---|---|---|---|
| 001 | 0000074033 | ||
| 005 | 20170617.0 | ||
| 008 | 170617 | ||
| 020 | |a 9789830534251 | ||
| 090 | 0 | 0 | |a EDU |b MAL |
| 100 | 1 | |a Muhammad Umar | |
| 245 | 1 | 0 | |a Isyarat-isyarat jalanraya |c Muhammad Umar |
| 260 | |a Kuala Lumpur : |b Pustaka prinsip Sdn. Bhd , |c 2007 | ||
| 440 | |a siri panduan keselamatan jalanraya | ||
| 500 | |a Children ages 7-9 years old (orange) | ||
| 650 | 0 | |a Malay fiction | |
| 999 | |a 0001074882 |b Book |c Children Collection |e Cawangan Taman Universiti | ||